Loading...
Science - Biology | 0 | 4 | 0 | 1 | 40 | 100 | 123.00 | 1 | 4 |
Literature - British Literature | 0 | 2 | 0 | 1 | 20 | 127 | 134.50 | 0 | 2 |
Literature - European Literature | 0 | 2 | 0 | 0 | 20 | 100 | 107.00 | 1 | 2 |
Literature - American Literature | 0 | 1 | 0 | 0 | 10 | 113 | 113.00 | 0 | 1 |
World and Other Literature | 0 | 1 | 0 | 0 | 10 | 157 | 157.00 | 0 | 0 |
Beliefs | 0 | 2 | 2 | 1 | 10 | 88 | 116.50 | 0 | 2 |
Geography | 0 | 1 | 0 | 0 | 10 | 71 | 71.00 | 0 | 1 |
Other Arts: Auditory | 0 | 1 | 0 | 0 | 10 | 116 | 116.00 | 0 | 0 |
Social Science | 0 | 1 | 0 | 0 | 10 | 126 | 126.00 | 0 | 0 |
Ancient History and Archaeology | 0 | 1 | 0 | 0 | 10 | 99 | 99.00 | 0 | 1 |
Science - Chemistry | 0 | 0 | 0 | 0 | 0 | 0.00 | 0 | 0 | |
Other Arts: Visual | 0 | 0 | 1 | 0 | -5 | 0.00 | 0 | 0 | |
Other Science: Astronomy | 0 | 0 | 1 | 0 | -5 | 0.00 | 0 | 0 | |
Fine Arts - Auditory Fine Arts | 0 | 0 | 1 | 0 | -5 | 0.00 | 0 | 0 | |
History - World History | 0 | 0 | 1 | 0 | -5 | 0.00 | 0 | 0 | |
Fine Arts - Visual Fine Arts | 0 | 0 | 1 | 0 | -5 | 0.00 | 0 | 0 |